000 00519nam a2200193Ia 4500
003 GCL
008 140319s9999 xx 000 0 eng d
040 _aGCL /
_cGCL
082 0 4 _a951.2505
_bY H
100 1 _aYAHUDA, MICHAEL
245 1 0 _aHONG KONG: CHINA'S CHALLENGE /
_cYAHUDA, MICHAEL
260 _a[S.N] :
_bROUTLEDGE ،
_c1996
300 _a171 P
650 0 4 _aHONG KONG - POLITICS
650 0 4 _aHISTORY
650 0 4 _aCHINA - POLITICS AND GOVERNMENT
650 0 4 _aHONG KONG - GOVERNMENT
942 _2ddc
_cBK
999 _c13873
_d13873